[Event "Dortmund Sparkassen op-C 47th"]
[Site "Dortmund"]
[Date "2019.07.21"]
[Round "9"]
[White "Farokhi, Darian"]
[Black "Oberdorfer, Jakob"]
[Result "1-0"]
[WhiteElo "1253"]
[BlackElo "1319"]
[PlyCount "69"]
[EventDate "2019.07.13"]
[EventType "swiss"]
[EventRounds "9"]
[EventCountry "GER"]
[SourceTitle "CBM 192 Extra"]
[Source "Chessbase"]
[SourceDate "2019.11.06"]
[SourceVersion "1"]
[SourceVersionDate "2019.11.06"]
[SourceQuality "1"]

1. e4 e5 2. Nf3 Nf6 3. Nxe5 Qe7 4. d4 d6 5. Nf3 Nxe4 6. Be3 Bg4 7. Be2 d5 8. Nbd2 Qb4 9. 0-0 b6 10. b3 Qc3 11. Nxe4 dxe4 12. Bd2 Qc6 13. a4 Qf6 14. Re1 Be7 15. Ne5 Bf5 16. Bb5+ c6 17. Nxc6 Nxc6 18. d5 0-0 19. Bxc6 Rad8 20. Qe2 Bc5 21. Kh1 Bg4 22. Qxg4 Bd4 23. Rad1 Bc3 24. Bxc3 Qxc3 25. Qxe4 Qc5 26. b4 Qd6 27. Qe5 Qxe5 28. Rxe5 Rd6 29. c4 Rf6 30. Kg1 g6 31. d6 Rd8 32. d7 Re6 33. Rde1 Kf8 34. Rxe6 fxe6 35. Rxe6 1-0

[Event "Ruhrgebiet Verbandsbezirksliga Gr 1"]
[Site "Ruhrgebiet"]
[Date "2019.04.07"]
[Round "8.7"]
[White "Keiber, Wilfried"]
[Black "Oberdorfer, Jakob"]
[Result "0-1"]
[WhiteElo "1767"]
[BlackElo "1333"]
[PlyCount "72"]
[EventDate "2018.09.30"]
[EventType "team-tourn"]
[EventRounds "9"]
[EventCountry "GER"]
[SourceTitle "EXT 2022"]
[Source "ChessBase"]
[SourceDate "2021.10.06"]
[SourceVersion "1"]
[SourceVersionDate "2021.10.06"]
[SourceQuality "1"]
[WhiteTeam "Hamm SG Caissa"]
[BlackTeam "Ahlen SV II"]
[WhiteTeamCountry "GER"]
[BlackTeamCountry "GER"]

1. c4 e6 2. e4 Bc5 3. Nc3 Nc6 4. Nf3 Nge7 5. d4 Bb4 6. d5 Nb8 7. Be2 Bxc3+ 8. bxc3 d6 9. 0-0 e5 10. c5 0-0 11. Ba3 Bg4 12. Nd2 Bxe2 13. Qxe2 Nc8 14. f4 exf4 15. Rxf4 Qe7 16. cxd6 Nxd6 17. e5 Re8 18. Nc4 Nd7 19. Nxd6 cxd6 20. Re4 Nxe5 21. Re1 f6 22. g4 g5 23. Kg2 Qc7 24. c4 b6 25. h4 h6 26. Qf2 Kg7 27. Rf1 Rf8 28. Bb2 Qd7 29. Kg3 Rf7 30. Qe2 Raf8 31. hxg5 hxg5 32. Rf5 Kg6 33. Bc1 Nxg4 34. Qxg4 Qxf5 35. Qe2 Rh8 36. Rg4 Rfh7 0-1

[Event "Ruhrgebiet Bezirksliga 17/18"]
[Site "Ruhrgebiet"]
[Date "2018.02.18"]
[Round "7.7"]
[White "Oberdorfer, Jakob"]
[Black "Kraemer, Hans Juergen"]
[Result "0-1"]
[WhiteElo "1333"]
[BlackElo "1646"]
[PlyCount "130"]
[EventDate "2017.09.03"]
[EventType "team-tourn"]
[EventRounds "9"]
[EventCountry "GER"]
[SourceTitle "EXT 2022"]
[Source "ChessBase"]
[SourceDate "2021.10.06"]
[SourceVersion "1"]
[SourceVersionDate "2021.10.06"]
[SourceQuality "1"]
[WhiteTeam "Ahlen SV II"]
[BlackTeam "Hamm SG Caissa"]
[WhiteTeamCountry "GER"]
[BlackTeamCountry "GER"]

1. e4 e5 2. Nf3 Nf6 3. Bc4 Nxe4 4. Nxe5 d5 5. Bb3 Be6 6. 0-0 Bd6 7. Nf3 0-0 8. d3 Nf6 9. Nc3 c6 10. Re1 Nbd7 11. Bg5 Qc7 12. h3 h6 13. Bd2 a6 14. a3 Nc5 15. Ba2 Bd7 16. b4 Ne6 17. d4 Rae8 18. Be3 Nf4 19. Ne2 Ne4 20. Qc1 Nxe2+ 21. Rxe2 Nc3 22. Re1 b5 23. Qb2 Ne4 24. Rad1 f5 25. Ne5 Bxe5 26. dxe5 f4 27. Bd4 Be6 28. f3 Ng3 29. Bc5 Rf5 30. Bb1 Rh5 31. Qd4 g5 32. Qd3 Qf7 33. Bd6 Nf5 34. c3 Rd8 35. Qe2 Ne3 36. Rd2 Nc4 37. Ra2 Ne3 38. Bc5 Nf5 39. Qf2 Rd7 40. Rae2 Ng3 41. Ra2 Rh4 42. Qd4 Qh5 43. Qd3 Rg7 44. Kf2 Qf7 45. a4 Qb7 46. axb5 cxb5 47. Qd4 Kf7 48. Bb6 Rg8 49. Qc5 Rc8 50. Qd4 Rc4 51. Qd3 Qxb6+ 52. Re3 Nf5 53. Rxa6 fxe3+ 54. Ke2 Qxa6 55. g4 Rxh3 56. gxf5 Rh2+ 57. Kxe3 Qb6+ 58. Qd4 Rxd4 59. fxe6+ Kxe6 60. cxd4 Rh4 61. Bd3 Qxd4+ 62. Ke2 Qxd3+ 63. Kxd3 Rxb4 64. Kc3 Kxe5 65. Kxb4 Kf4 0-1

[Event "Ruhrgebiet Bezirksliga 17/18"]
[Site "Ruhrgebiet"]
[Date "2017.11.19"]
[Round "4.6"]
[White "Oberdorfer, Jakob"]
[Black "Scheibe, Andreas"]
[Result "0-1"]
[WhiteElo "1339"]
[BlackElo "1783"]
[PlyCount "92"]
[EventDate "2017.09.03"]
[EventType "team-tourn"]
[EventRounds "9"]
[EventCountry "GER"]
[SourceTitle "EXT 2022"]
[Source "ChessBase"]
[SourceDate "2021.10.06"]
[SourceVersion "1"]
[SourceVersionDate "2021.10.06"]
[SourceQuality "1"]
[WhiteTeam "Ahlen SV II"]
[BlackTeam "Werl Wickede SG"]
[WhiteTeamCountry "GER"]
[BlackTeamCountry "GER"]

1. e4 c5 2. Bc4 e6 3. e5 Nc6 4. Nf3 d6 5. Bb5 Bd7 6. Bxc6 Bxc6 7. exd6 Bxd6 8. c3 Ne7 9. 0-0 Qc7 10. h3 Rd8 11. Kh1 0-0 12. d3 Ng6 13. Be3 Nf4 14. Bxf4 Bxf4 15. Na3 e5 16. Qe2 Rfe8 17. Nc2 e4 18. dxe4 Bxe4 19. Rae1 Qc6 20. Kg1 Bd3 21. Qd1 Bxf1 22. Rxe8+ Qxe8 23. Qxf1 Qe4 24. Na3 a6 25. Nc4 b5 26. Na5 Qc2 27. g3 Bc7 28. Nb3 Rd1 29. Ne1 Qe4 30. Nxc5 Qxe1 31. Qxe1 Rxe1+ 32. Kg2 a5 33. a4 Re2 34. b4 axb4 35. cxb4 bxa4 36. Nxa4 Ra2 37. Nc3 Rb2 38. b5 Bb6 39. Ne4 Rxb5 40. g4 Kf8 41. h4 Ke7 42. h5 f5 43. Nc3 Rb2 44. Nd5+ Kd6 45. Nxb6 Rxb6 46. gxf5 Ke5 0-1